Welcome to the Holygrace Academy Library

Please use search bar below to get started

POOCHAYE VARACHAPPOL (Record no. 9134)

MARC details
000 -LEADER
fixed length control field 00285nam a22001217a 4500
082 ## - DEWEY DECIMAL CLASSIFICATION NUMBER
Classification number 894.812
Item number ANI/P
100 ## - MAIN ENTRY--AUTHOR NAME
Personal name ANITHA
245 ## - TITLE STATEMENT
Title POOCHAYE VARACHAPPOL
246 ## - VARYING FORM OF TITLE
Title proper/short title POOCHAYE VARACHAPPOL
Remainder of title POOCHAYE VARACHAPPOL
260 ## - PUBLICATION, DISTRIBUTION, ETC. (IMPRINT)
Place of publication THRISSUR
Name of publisher KSSP
Year of publication 2023
650 ## - SUBJECT ADDED ENTRY--TOPICAL TERM
Topical Term MALAYALAM
942 ## - ADDED ENTRY ELEMENTS (KOHA)
Koha item type Books
Holdings
Withdrawn status Lost status Collection code Home library Current library Date acquired Source of acquisition Full call number Accession Number Koha item type
    MALAYALAM CREATIVITY Main Library Main Library 11/07/2025 COTRIBUTION 894.812 ANI/P 13842 Books